Państwa na "A" - Statystyki

Ogólne statystyki
  • Ten quiz został rozwiązany 72 razy
  • Średni wynik to 9 z 12
Statystyki odpowiedzi
Państwo % Poprawnych
Argentyna
83%
Australia
80%
Austria
80%
Afganistan
77%
Algieria
77%
Albania
75%
Angola
75%
Armenia
75%
Andora
73%
Azerbejdżan
73%
Arabia Saudyjska
66%
Antigua iBarbuda
58%
Nie znaleziono quizów pasujących do podanych kryteriów
Rozkład punktacji
Procent ludzi z każdym wynikiem
Percentyl według liczby udzielonych odpowiedzi
Twoja historia wyników
Nie rozwiązałeś tego quizu